000 00884nam a2200253Ia 4500
003 OSt
005 20221005111646.0
006 a|||||r|||| 00| 0
007 ta
008 221004b |||||||| |||| 00| 0 hin d
024 _a1737
037 _bGift, 19/12/2012,
_cTextual
040 _aCRL
_cCRL
_bhin
041 _2hin
_ahin
082 _aO152,1N50x, Q2
100 _aमल्होत्रा, राकेश, नुदरत
245 0 _aग़ज़ल धुन
246 _aग़ज़l dhuna
260 _aपठानकोट
_bकाव्य राघव प्रकाशन भारत
_c2012
300 _a116पृ0
_ccm.
650 _aहिन्दी साहित्य
942 _hO152,1N50x, Q2
_cTEXL
_2cc
999 _c1022474
_d1022474